000 00705aas a2200217 4500
999 _c3033
_d3033
003 BR-BrBNA
005 20230317233701.0
007 ta
008 230119b bl ||||| |||| 00| 0 por d
035 _a000485-5
040 _aBR-BrBNA
_bPor
_cBR-BrBNA
042 _aN
044 _abl
245 _aInformativo da Fundação ABC para Assistência e Divulgação Técnica Agropecuária (Brazil)
260 _aCastro-PR
_bAssistência e Divulgação Técnica Agropecuária
_c1998
_eBPR
270 _aRod. PR 151 Km 155,5 - Caixa Postal 1003 - 84166-990
310 _airregular
505 _a1998 1(1); 1999 1(3-4); 2000 2(6,8,10); 2001 3(11-12,14); 2002 4(16-19);
909 _a56
_bSergio Santos
_c56
_dSergio Santos
942 _cCR
_2AGRIS